| 000 | 00707nam a2200229 i 4500 | ||
|---|---|---|---|
| 001 | 105800 | ||
| 003 | ES-MaACL | ||
| 007 | t| | ||
| 008 | 060829s1979 sp ||||1| spa d | ||
| 020 | _a84-334-5523-0 | ||
| 080 | _a946"1931/39" | ||
| 100 | 1 |
_aBullejos, José. _932509 |
|
| 245 | 1 | 0 |
_aEspaña en la segunda República / _cJosé Bullejos. |
| 260 |
_aMadrid : _bJúcar, _c[1979] |
||
| 300 |
_a133 p. ; _c20 cm. |
||
| 490 | 1 |
_aCrónica general de España ; _v23 |
|
| 500 | _aBiblioteca Juan Andrade. | ||
| 651 | 4 |
_aEspaña- _xHistoria- _y1931-1939, II República. _98283 |
|
| 830 | 0 |
_aCrónica general de España ; _v23 _9181791 |
|
| 852 |
_aES-MaACL _jAND-607 _bR.109905 |
||
| 999 |
_c105800 _d105800 |
||